প্রিয় বাবা : (Record no. 11138)
[ view plain ]
| 000 -LEADER | |
|---|---|
| fixed length control field | 00850nam a2200229 a 4500 |
| 001 - CONTROL NUMBER | |
| JCCL Control Number | 11139 |
| 003 - CONTROL NUMBER IDENTIFIER | |
| JCCL marc code | BD-JhCC |
| 005 - DATE AND TIME OF LATEST TRANSACTION | |
| control field | 20190801112741.0 |
| 008 - FIXED-LENGTH DATA ELEMENTS--GENERAL INFORMATION | |
| fixed length control field | 190601s2018 bg |||| |||| 000 0 ben d |
| 020 ## - INTERNATIONAL STANDARD BOOK NUMBER | |
| International Standard Book Number | 97898480258060 |
| 035 ## - SYSTEM CONTROL NUMBER | |
| system control number | (BD-JhCC)11139 |
| 040 ## - CATALOGING SOURCE | |
| Original cataloging agency | BD-JhCC |
| Modifying agency | BD-JhCC |
| 041 ## - LANGUAGE CODE | |
| Language code of Book | ben |
| 082 ## - DEWEY DECIMAL CLASSIFICATION NUMBER | |
| Classification number | 923 |
| Author mark and Year | PRI 2018 |
| 245 ## - TITLE STATEMENT | |
| Title | প্রিয় বাবা : |
| Remainder of title | জাতির পিতাকে লেখা তরুণ প্রজন্মের চিঠির সংকলন / |
| Statement of responsibility, etc | সম্পাদনায় শাহ জলাল জোনাক |
| 260 ## - PUBLICATION, DISTRIBUTION, ETC. (IMPRINT) | |
| Place of publication, distribution, etc | ঢাকা : |
| Name of publisher, distributor, etc | তাম্রলিপি, |
| Date of publication, distribution, etc | ২০১৮. |
| 300 ## - PHYSICAL DESCRIPTION | |
| Pagination | ১৫১ পৃ. : |
| Dimensions | ২১ সেমি. |
| 600 ## - SUBJECT ADDED ENTRY--PERSONAL NAME | |
| Personal name | Rahaman, Shek Mujibur |
| 650 ## - SUBJECT ADDED ENTRY--TOPICAL TERM | |
| Topical term or geographic name as entry element | Biography |
| 700 ## - ADDED ENTRY--PERSONAL NAME | |
| Personal name | জোনাক, শাহ জলাল |
| 942 ## - ADDED ENTRY ELEMENTS (KOHA) | |
| Source of classification or shelving scheme | Dewey Decimal Classification |
| Koha item type | Books |
| Source of classification or shelving scheme | Damaged status | Not for loan | Home library | Current library | Shelving location | Date of accession | Cost, normal purchase price | Total Checkouts | Full call number | Barcode | Date last seen | Copy number | Koha item type |
|---|---|---|---|---|---|---|---|---|---|---|---|---|---|
| Dewey Decimal Classification | JCC Rouf Library | JCC Rouf Library | General Stacks | 06/01/2019 | 189.00 | 923 PRI 2018 | 14923 | 08/01/2019 | C-1 | Books |